[Event "11th Donau Open"]
[Site "Aschach AUT"]
[Date "2002.12.27"]
[Round "2"]
[White "Androsch,G"]
[Black "Sprotte,N"]
[Result "1-0"]
[WhiteElo "2151"]
[BlackElo "2260"]

1.e4 e6 2.d4 d5 3.Nd2 Nc6 4.Ngf3 Nf6 5.e5 Nd7 6.c3 f6 7.exf6 Qxf6 8.Be2 Bd6
9.O-O O-O 10.Re1 e5 11.dxe5 Ncxe5 12.Nf1 c6 13.Be3 b6 14.a4 Bb7 15.Qd2 Nc5
16.Rad1 Rae8 17.Qc2 Ne4 18.Ng3 Nxg3 19.hxg3 Bc8 20.Nxe5 Bxe5 21.Bd3 h6 22.a5 Bc7
23.axb6 Bxb6 24.Bxb6 axb6 25.Rxe8 Rxe8 26.Qa4 Rf8 27.Rf1 Qd6 28.Be2 Qc5 29.Bf3 Bf5
30.Ra1 Be4 31.Qd1 b5 32.Qe2 Re8 33.Bxe4 Rxe4 34.Ra8+ Kh7 35.Qf3 Re5 36.Qd3+ g6
37.Qf3 Rf5 38.Qe2 Rf8 39.Rxf8 Qxf8 40.Qe6 Qg7 41.Qxc6 d4 42.cxd4 Qxd4 43.Qxb5 Qd1+
44.Kh2 g5 45.Qf5+ Kg7 46.Qe5+ Kg6 47.Qe6+ Kg7 48.f3 Qd2 49.Qe7+ Kg6 50.b4 h5
51.b5 Qf2 52.Qe6+ Kg7 53.Qf5  1-0

[Event "XVIII Winter Open"]
[Site "Nice FRA"]
[Date "2002.12.29"]
[Round "5"]
[White "Hamdouchi,H"]
[Black "Contin,D"]
[Result "1-0"]
[WhiteElo "2593"]
[BlackElo "2330"]

1.e4 e6 2.d4 d5 3.Nd2 Be7 4.e5 c5 5.Qg4 Kf8 6.dxc5 h5 7.Qg3 Nh6 8.Bd3 Na6
9.Nb3 Nxc5 10.Nxc5 Bxc5 11.Nf3 Qb6 12.O-O Bd7 13.a3 a5 14.b4 axb4 15.Bxh6 gxh6
16.axb4 Rxa1 17.Rxa1 Qxb4 18.Ra8+ Be8 19.h3 h4 20.Nxh4 Be7 21.Nf3 h5 22.c3 Qb2
23.Qf4 Qb6 24.Nd4 Kg7 25.Qg3+ Kf8 26.Bb5 Bd8 27.Qf3 Kg7 28.Bxe8 Rxe8 29.Qxh5 Qb1+
30.Kh2 Qe4 31.Qe2 Rf8 32.Ra4 Kg6 33.Qxe4+ dxe4 34.Nb3 Bc7 35.Rxe4 Kf5 36.Rb4 Bxe5+
37.g3 Bxc3 38.Rxb7 Kg6 39.Nc5 Bd4 40.Nd3 e5 41.Rb5 Kf5 42.Nxe5 Bxe5 43.f4 f6
44.fxe5 fxe5 45.h4 Ke4 46.Kg2 Kd4 47.Rb1 e4 48.Rf1 Ra8 49.h5 Kd3 50.Rd1+ Ke2
51.Rd6 Rf8 52.g4 Rf2+ 53.Kg3 e3 54.g5 Rf3+ 55.Kg4 Kf2 56.h6 Rg3+ 57.Kf5 e2
58.Rd2 Rh3 59.Kg6 Ke3 60.Rxe2+ Kxe2 61.Kh7 Kf3 62.g6 Kg4 63.g7 Kh5 64.g8=Q Rg3
65.Qf7+ Kh4 66.Qf2 Kh5 67.Qh2+  1-0

[Event "TCh-NOR Qualifier"]
[Site "NOR"]
[Date "2002.??.??"]
[Round "5"]
[White "Heim,S"]
[Black "Gudbrandsen,G"]
[Result "1/2-1/2"]
[WhiteElo "2383"]
[BlackElo "2293"]

1.e4 e6 2.d4 d5 3.Nd2 Be7 4.Bd3 c5 5.dxc5 Nf6 6.Qe2 Nc6 7.Ngf3 Nb4 8.O-O Nxd3
9.cxd3 Bxc5 10.Nb3 Be7 11.Bg5 h6 12.Bh4 b6 13.e5 Ng8 14.Bxe7 Nxe7 15.Nfd4 O-O
16.f4 a5 17.Nd2 Ba6 18.N2f3 Rc8 19.Rfc1 Qd7 20.Qe3 Rxc1+ 21.Rxc1 Rc8 22.Rxc8+ Qxc8
23.g4 Qc5 24.f5 Qb4 25.fxe6 fxe6 26.g5 Qxb2 27.gxh6 Qb1+ 28.Kf2 Ng6 29.hxg7 Bxd3
30.Qg5 Bf5 31.h4 Qe4 32.h5 Nxe5 33.Qe7 Nd3+ 34.Kg1 Qg4+ 35.Kf1 Qh3+ 36.Ke2 Qg2+
37.Kd1 Qf1+ 38.Kd2 Qc1+ 39.Ke2 Nf4+ 40.Kf2 Qb2+ 41.Kg3 Nxh5+ 42.Kh4 Nxg7
43.Kg3 Qc3 44.Qd8+ Kh7 45.Kf4 Qc1+ 46.Ke5 Qe3+ 47.Kf6 Qh6+ 48.Ke5 Qe3+ 49.Kf6 Nh5+
50.Kf7 Bg6+ 51.Ke7 Qf4 52.Nxe6 Qf6+ 53.Kd6 Qxd8+ 54.Nxd8 Be4 55.Nd4 Ng7 56.Kc6 Nf5
57.N8e6 Nxd4+  1/2-1/2

[Event "TCh-NOR Qualifier"]
[Site "NOR"]
[Date "2002.??.??"]
[Round "6"]
[White "Elseth,R"]
[Black "Christenson,F"]
[Result "0-1"]
[WhiteElo "2363"]
[BlackElo "2230"]

1.e4 e6 2.d4 d5 3.Nd2 Be7 4.Bd3 c5 5.dxc5 Nf6 6.Qe2 Nc6 7.Ngf3 Nb4 8.exd5 Qxd5
9.Bc4 Qxc5 10.O-O O-O 11.a3 Nc6 12.Ne4 Nxe4 13.Qxe4 Qh5 14.Rd1 e5 15.h3 Bf5
16.Qe2 Qg6 17.Nxe5 Nxe5 18.Qxe5 Bf6 19.Qb5 Bxc2 20.Bd3 Rad8 21.Bxc2 Qxc2
22.Rf1 b6 23.a4 Rfe8 24.a5 Bd4 25.Bf4 bxa5 26.Qxa5 Qxb2 27.Ra2 Qb6 28.Qa4 Qf6
29.Be3 Rxe3 30.fxe3 Bxe3+ 31.Rff2 Qd4 32.Qb5 Rc8 33.Qf5 Rc1+ 34.Kh2 Qd6+
35.g3 Bxf2 36.Qxf2 Qc6 37.Qg2 Qxg2+ 38.Kxg2 Rc7 39.Rd2 f6 40.Rd8+ Kf7 41.h4 Ke7
42.Rh8 h6 43.Kf3 Kd7 44.Kf4 Kc6 45.Kf5 Rb7 46.Kg6 a5 47.h5 a4 48.Rc8+ Kb5
49.Rc1 Rd7 50.Rb1+ Ka5  0-1

[Event "TCh-NOR Qualifier"]
[Site "NOR"]
[Date "2002.??.??"]
[Round "8"]
[White "Heim,S"]
[Black "Ostenstad,B"]
[Result "1/2-1/2"]
[WhiteElo "2383"]
[BlackElo "2438"]

1.e4 e6 2.d4 d5 3.Nd2 Be7 4.e5 c5 5.Qg4 Kf8 6.dxc5 Nc6 7.Ngf3 Nh6 8.Qh5 f6
9.Bb5 Nf7 10.Bxc6 bxc6 11.O-O g6 12.Qg4 fxe5 13.Nb3 Kg7 14.Bd2 Bf6 15.Qg3 a5
16.a4 Bd7 17.Bc3 Qb8 18.Ne1 Rf8 19.Bxa5 Nh6 20.Bc3 Nf5 21.Qg4 Bc8 22.Nd3 h5
23.Qb4 Ba6 24.Qxb8 Rfxb8 25.Rfd1 d4 26.Ba5 Bxd3 27.Rxd3 e4 28.Rdd1 d3 29.Bb6 dxc2
30.Re1 Nd4 31.Nxd4 Bxd4 32.Rac1 Rxa4 33.Rxc2 Rf8 34.g3 Rb4 35.Ree2 e5 36.Kg2 Rb3
37.Rxe4 Rxb2 38.Rxb2  1/2-1/2

[Event "35th Open"]
[Site "Trinec CZE"]
[Date "2003.01.01"]
[Round "6"]
[White "Babula,M"]
[Black "Szwed,J"]
[Result "1-0"]
[WhiteElo "2330"]
[BlackElo "2024"]

1.e4 e6 2.d4 d5 3.Nd2 Be7 4.e5 c5 5.c3 Nc6 6.Ndf3 cxd4 7.cxd4 h5 8.Bd3 Nh6
9.Ne2 Nf5 10.O-O Bd7 11.a3 a5 12.Bxf5 exf5 13.Qb3 a4 14.Qxd5 Na5 15.Bd2 Nb3
16.Rad1 Qb6 17.Ng5 Rf8 18.Be3 Qa6 19.Qf3 f4 20.e6 Bxg5 21.exd7+ Kd8 22.Nxf4 Bxf4
23.Bxf4 g6 24.Rfe1 Qb6 25.Bh6  1-0

[Event "38th Junior"]
[Site "Hallsberg SWE"]
[Date "2003.01.04"]
[Round "8"]
[White "Carlsson,P"]
[Black "Kjartansson,D"]
[Result "1/2-1/2"]
[WhiteElo "2376"]
[BlackElo "2224"]

1.e4 e6 2.d4 d5 3.Nd2 Be7 4.Bd3 c5 5.dxc5 Nf6 6.Qe2 O-O 7.Ngf3 a5 8.O-O Na6
9.exd5 Qxd5 10.Nc4 Bxc5 11.c3 Qh5 12.Bf4 b6 13.Rad1 Bb7 14.Nce5 Be7 15.Nd4 Qh4
16.Bg3 Qh6 17.Rfe1 Nc5 18.Nec6 Bd8 19.Bd6 Nd5 20.Bxf8 Nf4 21.Qe3 Ncxd3 22.Rxd3 Bc7
23.Ba3 Ba6 24.Nf5 Qg5 25.Nfe7+ Kh8 26.g3 Bxd3 27.Ne5 Bxe5 28.Qxe5 Qxe5 29.Rxe5 Ng6
30.Nxg6+ hxg6 31.Re1 Rd8 32.Rd1 e5 33.f3 f5 34.Kf2 e4 35.Rd2 Kh7 36.b3 Re8
37.fxe4 fxe4 38.Ke3 b5 39.Bc5 a4 40.Rf2 axb3 41.axb3 Ra8 42.Bd4 Ra1 43.b4 Re1+
44.Kf4 Ra1 45.h4 Rc1 46.Ke3 Rf1 47.Rxf1 Bxf1 48.Kxe4 g5 49.hxg5 Kg6 50.Kf4 Bc4
51.Be3 Kf7 52.Kf5 g6+ 53.Ke5 Be2 54.g4 Bc4 55.Bd4  1/2-1/2

[Event "9th Open"]
[Site "Bosnjaci CRO"]
[Date "2003.01.05"]
[Round "4"]
[White "Leventic,I"]
[Black "Pandurevic,M"]
[Result "1/2-1/2"]
[WhiteElo "2453"]
[BlackElo "2259"]

1.e4 e6 2.d4 d5 3.Nd2 Nc6 4.Ngf3 Nf6 5.e5 Nd7 6.Be2 f6 7.exf6 Qxf6 8.Nf1 Bd6
9.Ne3 O-O 10.O-O Qg6 11.g3 Ne7 12.Nh4 Qf7 13.f4 c5 14.c3 Nf5 15.Nf3 Nf6 16.Ne5 Qc7
17.g4 Ne7 18.Bd3 Bd7 19.g5 Bxe5 20.fxe5 Ne4 21.Qg4 Rxf1+ 22.Nxf1 Nf5 23.Ng3 cxd4
24.cxd4 Qb6 25.Nxe4 dxe4 26.Qxe4 Bc6 27.Qg4 Rd8 28.Bxf5 Rxd4 29.Bxe6+ Kh8
30.Kf1 Rxg4 31.Bxg4 Qd4 32.Be2 Qe4 33.a4 Qg2+ 34.Ke1 Qg1+ 35.Kd2 Qxg5+ 36.Ke1 Qg1+
37.Kd2 Qd4+ 38.Ke1 Qg1+ 39.Kd2 Qxh2 40.Ra3 Qxe5 41.Rd3 Bxa4 42.b3 Be8 43.Re3 Qa5+
44.Kd1 Bf7 45.Kc2 Bg6+ 46.Kd1 Qc5 47.Bd3 Qxe3 48.Bxe3 Bxd3 49.Bxa7 h6 50.Kd2 Bb5
51.Ke3 g5 52.Ke4 Kg7 53.Kf3 Kg6 54.Bb6 h5 55.Bd8 h4 56.b4 Kh5 57.Be7 Bc6+
58.Ke3  1/2-1/2

[Event "XXVIII"]
[Site "Seville ESP"]
[Date "2003.01.11"]
[Round "2"]
[White "Tiviakov,S"]
[Black "Lopez Rodriguez,F"]
[Result "1-0"]
[WhiteElo "2635"]
[BlackElo "2152"]

1.e4 e6 2.d4 d5 3.Nd2 Nc6 4.Ngf3 Nf6 5.e5 Nd7 6.Nb3 f6 7.Bb5 Be7 8.O-O O-O
9.exf6 Nxf6 10.Bxc6 bxc6 11.Ne5 Qe8 12.Re1 Rb8 13.f3 Rb6 14.Be3 Qh5 15.Qd2 Bb4
16.c3 Bd6 17.Nc5 Rb5 18.b4 Bxe5 19.dxe5 Qxe5 20.Bf4 Ne4 21.Rxe4 Qf5 22.g4 Qg6
23.Re5  1-0

[Event "Troll Masters"]
[Site "Gausdal NOR"]
[Date "2003.01.15"]
[Round "10"]
[White "Poulsen,Ma"]
[Black "Martinsen,S"]
[Result "1-0"]
[WhiteElo "2244"]
[BlackElo "2085"]

1.e4 e6 2.d4 d5 3.Nd2 Nc6 4.Ngf3 Nf6 5.e5 Nd7 6.c4 dxc4 7.Nxc4 Be7 8.Bd3 Nb4
9.Bb1 b5 10.Ncd2 Bb7 11.Ne4 h6 12.O-O Nd5 13.Re1 c5 14.Nd6+ Bxd6 15.exd6 Qb6
16.dxc5 Qxc5 17.Nd4 Qxd6 18.Nf5 Qc6 19.Nxg7+ Kf8 20.Nxe6+ fxe6 21.Qf3+ N7f6
22.Be4 Re8 23.Bd2 Ke7 24.Bb4+ Kd7 25.Rac1 Qa6 26.Red1 Ref8 27.Qg3 Qb6 28.Qg7+ Ke8
29.Bg6+ Kd8 30.Qe7+  1-0

[Event "ch-EGY 3rd Stage"]
[Site "Cairo EGY"]
[Date "2003.01.29"]
[Round "5"]
[White "Ahmed,Es"]
[Black "Abdelnabbi,I"]
[Result "1/2-1/2"]
[WhiteElo "2395"]
[BlackElo "2414"]

1.e4 e6 2.d4 d5 3.Nd2 Be7 4.Bd3 c5 5.dxc5 Nf6 6.exd5 Qxd5 7.Ngf3 Nbd7 8.Qe2 Nxc5
9.Bc4 Qd6 10.O-O O-O 11.Nb3 b6 12.Ne5 Qc7 13.Bf4 Bd6 14.Nxc5 Qxc5 15.Rad1 Bb7
16.c3 Rad8 17.Rd4 Bxe5 18.Bxe5 Rxd4 19.Bxd4 Qg5 20.f3 Nd5 21.Kh1 Rd8 22.Re1 Nf4
23.Qf2 Ng6 24.Qg3 Qd2 25.h4 Qh6 26.Bf2 e5 27.a4 Bc6 28.Be3 Qh5 29.Bg5 Re8
30.Qh3 Nf8 31.Rd1 h6 32.Be3 e4 33.g4 Qa5 34.f4 Qxa4 35.b3 Qa2 36.Qf1 Qa3
37.Bxf7+ Kxf7 38.Qc4+ Ne6 39.Qxc6 Qxb3 40.Rf1 Nf8 41.f5 Rd8 42.f6 Qe6 43.fxg7+ Kxg7
44.Qxe6 Nxe6 45.Bxh6+ Kxh6 46.Rf6+ Kg7 47.Rxe6 Rd3 48.Kg2 Rxc3 49.Re7+ Kf6
50.Rxa7  1/2-1/2

[Event "Gibraltar Masters"]
[Site "Catalan Bay ENG"]
[Date "2003.02.03"]
[Round "7"]
[White "Ledger,A"]
[Black "Barsov,A"]
[Result "1-0"]
[WhiteElo "2397"]
[BlackElo "2525"]

1.e4 e6 2.d4 d5 3.Nd2 Be7 4.e5 c5 5.Qg4 Kf8 6.dxc5 h5 7.Qe2 Na6 8.Nb3 Nxc5
9.Be3 b6 10.O-O-O Ba6 11.Qe1 Bxf1 12.Qxf1 Nh6 13.Nf3 Nf5 14.Qe2 Qc8 15.Rhe1 a5
16.Nbd4 Nxe3 17.Qxe3 a4 18.a3 h4 19.g4 h3 20.Kb1 Qb7 21.Nd2 Rh4 22.Rg1 Ne4
23.f4 Bc5 24.c3 Rd8 25.Nxe4 dxe4 26.Qg3 Be7 27.g5 Rh5 28.g6 e3 29.gxf7 Qe4+
30.Ka1  1-0

[Event "3rd GM"]
[Site "Griesheim GER"]
[Date "2003.02.03"]
[Round "6"]
[White "Galdunts,S"]
[Black "Kritz,L"]
[Result "1-0"]
[WhiteElo "2487"]
[BlackElo "2484"]

1.e4 e6 2.d4 d5 3.Nd2 Be7 4.Bd3 c5 5.dxc5 Nf6 6.Qe2 Nc6 7.Ngf3 Bxc5 8.O-O Qc7
9.a3 O-O 10.e5 Ng4 11.b4 Be7 12.Bb2 f6 13.exf6 Bxf6 14.Bxf6 gxf6 15.h3 Nd4
16.Bxh7+ Kh8 17.Qd1 Nxf3+ 18.Nxf3 Nxf2 19.Rxf2 Qxh7 20.Ne5 Bd7 21.Qf1 Bb5
22.c4 Bxc4 23.Nxc4 dxc4 24.Qxc4 e5 25.Raf1 f5 26.Qe6 Rae8 27.Rxf5 Rxe6 28.Rxf8+ Qg8
29.R1f7 Ra6 30.Rxg8+ Kxg8 31.Rxb7 Rxa3 32.Re7 Rb3 33.Rxe5 Rxb4 34.Ra5 Rb7
35.Kh2 Kg7 36.Ra6 Rc7 37.h4 Rb7 38.Kh3 Rb3+ 39.g3 Rb7 40.h5 Kh7 41.Kh4 Rc7
42.g4 Rb7 43.Ra4 Kg7 44.Ra1 Kh7 45.Ra6 Rc7 46.h6 Rc1 47.Kh5 Rc7 48.g5 Rb7
49.Ra5 Kg8 50.Re5  1-0

[Event "II Marcelo Salado Cup Gp B"]
[Site "Santa Clara CUB"]
[Date "2003.02.07"]
[Round "6"]
[White "Gil Hector,L"]
[Black "Leon,V"]
[Result "1-0"]
[WhiteElo "2237"]
[BlackElo "2250"]

1.e4 e6 2.d4 d5 3.Nd2 Be7 4.Ngf3 Nf6 5.Bd3 c5 6.exd5 Qxd5 7.dxc5 Nbd7 8.O-O Nxc5
9.Bc4 Qh5 10.Re1 Ncd7 11.Nf1 Qc5 12.b3 Nb6 13.Be3 Qc7 14.Bb5+ Bd7 15.Bxd7+ Nbxd7
16.c4 O-O 17.Qe2 Rfd8 18.Ng3 Nc5 19.Bd4 a6 20.Nf5 Bf8 21.Nh6+ gxh6 22.Bxf6 Be7
23.Bd4 Qf4 24.Rad1 Nd7 25.g3 Qg4 26.Qe3 Bf8 27.Bb2 Bg7 28.h3 Qf5 29.Bxg7 Kxg7
30.Rd4 Nf8 31.Rf4 Qa5 32.Ne5 f6 33.Rg4+ Ng6 34.Nxg6 hxg6 35.Qxe6 Rf8 36.Qe4 g5
37.Qxb7+ Rf7 38.Re7 Rf8 39.Rge4 Qxa2 40.Rxf7+ Rxf7 41.Re7 Rxe7 42.Qxe7+ Kg6
43.Qe3 Qc2 44.c5 a5 45.Kg2 h5 46.Qe8+ Kg7 47.Qd7+ Kg6 48.Qd5 g4 49.hxg4 hxg4
50.c6  1-0

[Event "Bundesliga 2002-3"]
[Site "Emsdetten GER"]
[Date "2003.02.09"]
[Round "11"]
[White "Berelovich,A"]
[Black "Paehtz,T"]
[Result "1/2-1/2"]
[WhiteElo "2546"]
[BlackElo "2459"]

1.e4 e6 2.d4 d5 3.Nd2 Be7 4.Ngf3 Nf6 5.e5 Nfd7 6.Bd3 c5 7.c3 Nc6 8.O-O cxd4
9.cxd4 Qb6 10.Nb3 a5 11.a4 Nb4 12.Bb1 Qd8 13.Bf4 b6 14.Re1 Ba6 15.Nc1 Nf8
16.Be3 Ng6 17.Ne2 Nh4 18.Nxh4 Bxh4 19.Nf4 g6 20.g3 Be7 21.h4 Qd7 22.Qf3 Rc8
23.Nh3 h6 24.Nf4 Rc6 25.Bd2 Rc4 26.Bc3 Qc8 27.Qd1 g5 28.hxg5 hxg5 29.Ne2 Kd7
30.Kg2 Qf8 31.Rh1 Rc8 32.Rxh8 Qxh8 33.Bxb4 Qh5 34.Bd3 Rh8 35.Bxa6 Qh3+ 36.Kf3 Qf5+
37.Kg2 Qh3+ 38.Kf3 Qf5+  1/2-1/2

[Event "11th Aosta Open"]
[Site "Saint Vincent ITA"]
[Date "2003.02.10"]
[Round "3"]
[White "Valenti,G"]
[Black "Prie,E"]
[Result "1-0"]
[WhiteElo "2230"]
[BlackElo "2446"]

1.e4 e6 2.d4 d5 3.Nd2 Nc6 4.Ngf3 Nf6 5.e5 Nd7 6.c3 f6 7.Bb5 fxe5 8.dxe5 Be7
9.O-O O-O 10.Re1 a6 11.Bxc6 bxc6 12.Nd4 Nb8 13.Qg4 Qe8 14.N2f3 c5 15.Nb3 c4
16.Nbd4 c5 17.Ne2 Nc6 18.Ng3 Rb8 19.Re2 Bd7 20.h4 Kh8 21.h5 h6 22.Nh4 Bxh4
23.Qxh4 Ne7 24.Be3 Rb5 25.f4 Qf7 26.Rf1 Rfb8 27.Rff2 Be8 28.f5 Nxf5 29.Nxf5 exf5
30.g4 Bd7 31.gxf5 Bxf5 32.e6 Qxe6 33.Bf4 Be4 34.Bxb8 Rxb8 35.Rf4 Re8 36.Qg4 Qxg4+
37.Rxg4 Re5 38.Rh4 Rg5+ 39.Kf2 Kg8 40.Ke3 Rg3+ 41.Kf4 Rg5 42.Reh2 Kf7 43.Rg4 Rf5+
44.Ke3 Re5 45.Rf2+ Kg8 46.Rh4 a5 47.Kd2 a4 48.a3 Rg5 49.Ke3 Bf5 50.Rd2 Be6
51.Rf2 Bf7 52.Rfh2 Kf8 53.Kf4 d4 54.cxd4 cxd4 55.Ke4 d3 56.Kd4 Bxh5 57.Rxh5 Rxh5
58.Rxh5 Kf7 59.Kxc4 Kg6 60.Rh1  1-0

[Event "11th Aosta Open"]
[Site "Saint Vincent ITA"]
[Date "2003.02.12"]
[Round "5"]
[White "Papa,S"]
[Black "Arizmendi Martinez,J"]
[Result "1/2-1/2"]
[WhiteElo "2356"]
[BlackElo "2520"]

1.e4 e6 2.d4 d5 3.Nd2 Be7 4.Ngf3 Nf6 5.e5 Nfd7 6.Bd3 c5 7.c3 Nc6 8.O-O a5
9.Re1 cxd4 10.cxd4 Qb6 11.Nb1 Nxd4 12.Nxd4 Qxd4 13.Nc3 Qb6 14.Qg4 O-O 15.Bh6 g6
16.Bxf8 Bxf8 17.Na4 Qa7 18.Bb5 Nc5 19.Rac1 b6 20.Nc3 Bb7 21.Ne2 Rd8 22.Nd4  1/2-1/2

[Event "11th Aosta Open"]
[Site "Saint Vincent ITA"]
[Date "2003.02.14"]
[Round "7"]
[White "Baklan,V"]
[Black "Arizmendi Martinez,J"]
[Result "1/2-1/2"]
[WhiteElo "2605"]
[BlackElo "2520"]

1.e4 e6 2.d4 d5 3.Nd2 Be7 4.Bd3 c5 5.dxc5 Nf6 6.Qe2 Nc6 7.Ngf3 Nb4 8.O-O Nxd3
9.cxd3 Bxc5 10.Nb3 Be7 11.Bg5 h6 12.Bh4 Bd7 13.e5 Ng8 14.Bxe7 Nxe7 15.Nc5 Qb6
16.Rfc1 Rc8 17.d4 Bc6 18.Rc3 Qd8 19.Rac1 O-O 20.Qd2 b6 21.Nd3 Qd7 22.Nf4 Bb5
23.h3 Rxc3 24.Rxc3 Rc8 25.Rxc8+ Qxc8 26.b3 a5 27.Kh2 Kh7 28.Ne1 Ng6 29.Nxg6 Kxg6
30.Nc2 Kh7 31.Ne3 Qa6 32.Kg3  1/2-1/2

[Event "Open"]
[Site "Cappelle la Grande FRA"]
[Date "2003.02.23"]
[Round "2"]
[White "Petrik,T"]
[Black "Totsky,L"]
[Result "1/2-1/2"]
[WhiteElo "2393"]
[BlackElo "2511"]

1.e4 e6 2.d4 d5 3.Nd2 Be7 4.Bd3 Nc6 5.Ngf3 Nb4 6.Be2 dxe4 7.Nxe4 Nf6 8.Nxf6+ Bxf6
9.c3 Nd5 10.O-O O-O 11.Bd3 b6 12.Qc2 g6 13.Bh6 Bg7 14.Bxg7 Kxg7 15.Be4 Rb8
16.Ne5 Bb7 17.c4 Nf6 18.Bxb7 Rxb7 19.Rad1 Qd6 20.Qa4 c5 21.Nf3 Rc8 22.Rd3 b5
23.cxb5 Qb6 24.Rc1 Qxb5 25.Qxb5 Rxb5 26.Rd2 Ne4 27.Rdc2 c4 28.Ne5 Nd6 29.Kf1 Rcb8
30.Rb1 Rc8 31.Rbc1 Nf5 32.Rxc4 Rxc4 33.Nxc4 Nxd4 34.b3 Kf6 35.f3 Rd5 36.Ne3 Ra5
37.Rd1 Nc6 38.Rd2 Nb4 39.a4 Rc5 40.Rd4 Nc2 41.Nxc2 Rxc2 42.Rd7 a5 43.Rb7 Rb2
44.h4 h5 45.Kg1 e5  1/2-1/2

[Event "Open"]
[Site "Cappelle la Grande FRA"]
[Date "2003.02.25"]
[Round "5"]
[White "Rozentalis,E"]
[Black "Vysochin,S"]
[Result "1/2-1/2"]
[WhiteElo "2585"]
[BlackElo "2554"]

1.e4 e6 2.d4 d5 3.Nd2 Nc6 4.Ngf3 Nf6 5.e5 Nd7 6.c3 f6 7.Bb5 fxe5 8.dxe5 Be7
9.Qe2 O-O 10.h4 a5 11.Bd3 Nc5 12.Bb1 b6 13.Nd4 Qe8 14.Qe3 Ba6 15.N2f3 Nxd4
16.Nxd4 Qh5 17.f3 Nd7 18.Nc6 Rae8 19.Nxe7+ Rxe7 20.Qg5 Qxg5 21.hxg5 g6 22.f4 Nc5
23.Rh3 Rd7 24.Bc2 d4 25.cxd4 Rxd4 26.Be3 Nd3+ 27.Bxd3 Rxd3 28.Rd1 Rxd1+ 29.Kxd1 Bb7
30.g4 Rd8+ 31.Bd2 Be4  1/2-1/2

[Event "Open"]
[Site "Cappelle la Grande FRA"]
[Date "2003.02.26"]
[Round "6"]
[White "Gharamian,T"]
[Black "Legky,N"]
[Result "1/2-1/2"]
[WhiteElo "2239"]
[BlackElo "2507"]

1.e4 e6 2.d4 d5 3.Nd2 a6 4.Ngf3 c5 5.exd5 exd5 6.dxc5 Bxc5 7.Nb3 Bb6 8.Bd3 Qe7+
9.Qe2 Nc6 10.c3 Bg4 11.O-O Qxe2 12.Bxe2 Nf6 13.Rd1 O-O 14.h3 Bh5 15.Kf1 h6
16.Nfd4  1/2-1/2

[Event "ch-RUS w 1st League"]
[Site "Serpukhov RUS"]
[Date "2003.02.26"]
[Round "7"]
[White "Kuzmina,A"]
[Black "Kazarina,Y"]
[Result "0-1"]
[WhiteElo "2073"]
[BlackElo "2183"]

1.e4 e6 2.d4 d5 3.Nd2 Be7 4.Bd3 b6 5.e5 c5 6.c3 a5 7.Ne2 Ba6 8.Bxa6 Nxa6
9.O-O h5 10.Nf4 g6 11.Nh3 g5 12.f4 g4 13.Ng5 Nh6 14.Rf2 Nf5 15.Nf1 Rg8 16.Ne3 Rg7
17.Nxf5 exf5 18.Qd3 Qd7 19.Re2 Nc7 20.Bd2 O-O-O 21.Kh1 Kb7 22.Ree1 Re8 23.dxc5 bxc5
24.c4 Ra8 25.Bxa5 Rxa5 26.e6 Nxe6 27.Nxe6 fxe6 28.Qc3 Bd8 29.Rxe6 Qxe6 30.Qxg7+ Qe7
31.Qc3 d4 32.Qb3+ Kc8 33.a3 Ra6 34.Qc2 Qe4 35.Qd2 Ba5 36.b4 Bxb4  0-1

[Event "Open"]
[Site "Cappelle la Grande FRA"]
[Date "2003.02.28"]
[Round "8"]
[White "Mista,A"]
[Black "Rozentalis,E"]
[Result "0-1"]
[WhiteElo "2419"]
[BlackElo "2585"]

1.e4 e6 2.d4 d5 3.Nd2 Nc6 4.Ngf3 Nf6 5.e5 Nd7 6.Nb3 a5 7.a4 b6 8.Bb5 Ncb8
9.O-O Ba6 10.Ng5 g6 11.f4 Be7 12.Qf3 c6 13.Bxa6 Nxa6 14.Bd2 Nf8 15.c4 Rc8
16.Rac1 dxc4 17.Rxc4 Qd5 18.Rfc1 Qxf3 19.gxf3 Nb8 20.Ne4 Nfd7 21.Nc3 Rd8
22.Ne4 O-O 23.Nxa5 bxa5 24.Bxa5 Rde8 25.Bc7 f6 26.Nd6 Bxd6 27.Bxd6 Rf7 28.a5 fxe5
29.fxe5 Rxf3 30.Ra1 Rb3 31.a6 Nb6 32.a7 N8d7 33.Rxc6 Na8 34.Rac1 Ndb6 35.R1c2 Kg7
36.Kf2 Kh6 37.Ke1 Kg5 38.Rf2 Nd5 39.Rf8 Rxf8 40.Bxf8 Rxb2 41.Rxe6 Ra2 42.Bc5 Kf4
43.Rf6+ Ke3 44.Kd1 Nac7 45.Kc1 Nb5 46.Rf8 Kd3 47.Rf3+ Ne3 48.a8=Q Rxa8 49.d5 Nd4
50.Bxd4 Kxd4 51.d6 Nf5 52.Rxf5 gxf5 53.e6 Ke5  0-1

[Event "ch-CZE"]
[Site "Lahucovice CZE"]
[Date "2003.02.28"]
[Round "11"]
[White "Navara,D"]
[Black "Kanovsky,D"]
[Result "1-0"]
[WhiteElo "2580"]
[BlackElo "2271"]

1.e4 e6 2.d4 d5 3.Nd2 Be7 4.Bd3 c5 5.dxc5 Nc6 6.Ngf3 Nf6 7.O-O O-O 8.c3 Bxc5
9.e5 Nd7 10.Nb3 Be7 11.Re1 Re8 12.Bf4 f5 13.exf6 Bxf6 14.Bg3 Nf8 15.Nbd4 a6
16.Qb3 Na5 17.Qc2 Bd7 18.Re2 Rc8 19.Bd6 Qb6 20.Bxf8 Kxf8 21.Ne5 Bxe5 22.Rxe5 h6
23.Rae1 Qxd4 24.cxd4 Rxc2 25.Bxc2 Nc6 26.R5e3 Nxd4 27.Bg6 Rc8 28.Rd3 Nc6
29.Rf3+ Kg8 30.h4 Nd4 31.Rf4 Rc4 32.Kh2 Nc6 33.Rxc4 dxc4 34.Rd1 Nb8 35.h5 Kf8
36.Rd4 b5 37.Rf4+ Ke7 38.Rf7+ Kd6 39.Rxg7 b4 40.g4 c3 41.bxc3 bxc3 42.g5 Nc6
43.gxh6  1-0

[Event "ch-RUS w 1st League"]
[Site "Serpukhov RUS"]
[Date "2003.02.28"]
[Round "9"]
[White "Semenova,Sveta"]
[Black "Kazarina,Y"]
[Result "0-1"]
[WhiteElo "2096"]
[BlackElo "2183"]

1.e4 e6 2.d4 d5 3.Nd2 Be7 4.Bd3 c5 5.dxc5 Nd7 6.exd5 exd5 7.Nb3 Nxc5 8.Bb5+ Bd7
9.Qe2 Nxb3 10.axb3 Nf6 11.Nf3 O-O 12.O-O Re8 13.Qd3 Bxb5 14.Qxb5 Qc7 15.c3 a6
16.Qd3 Bd6 17.h3 Bc5 18.Bg5 Rad8 19.Bxf6 gxf6 20.b4 Bd6 21.Rfe1 Be5 22.Nh4 Qc4
23.Qxc4 dxc4 24.Re4 Bh2+ 25.Kxh2 Rxe4 26.Kg3 Re2 27.f3 Rxb2 28.Re1 b5 29.Re3 Kh8
30.Re1 Rc2 31.Ra1 Rxc3 32.Rxa6 Rb3 33.Nf5 Rxb4 34.Rc6 Ra4 35.Rc5 Rb8 36.Nd6 Ra1
37.Kf4 b4 38.Rc7 b3 39.Rxf7 Kg8 40.Kf5 b2 41.Kxf6 Rf8  0-1

[Event "FSIMA March"]
[Site "Budapest HUN"]
[Date "2003.03.03"]
[Round "3"]
[White "Gara,A"]
[Black "Papp,Ge"]
[Result "0-1"]
[WhiteElo "2327"]
[BlackElo "2368"]

1.e4 e6 2.d4 d5 3.Nd2 Be7 4.c3 c5 5.dxc5 Nf6 6.exd5 Qxd5 7.Ngf3 Qxc5 8.Bd3 O-O
9.Qe2 Nbd7 10.O-O b6 11.Nb3 Qh5 12.Nbd4 Nc5 13.Bc4 Bd6 14.Rd1 Bb7 15.h3 Rad8
16.Be3 Bb8 17.Bb5 Rc8 18.Ng5 Qg6 19.Nb3 Nxb3 20.axb3 e5 21.Ba6 Bxa6 22.Rxa6 e4
23.h4 h6 24.Nh3 Qf5 25.f3 Rfe8 26.Rf1 Qh5 27.Qf2 Nd5 28.Bd4 e3 29.Qe2 Qxh4
30.Ra4 Qg3 31.f4 Nxf4 32.Nxf4 Bxf4 33.Rxf4 Qxf4 34.Bxb6 Qd6 35.Bd4 Re4 36.Bxe3 Rce8
37.Rxe4 Rxe4 38.Qf3 Qd3 39.Bf2 Qb1+ 40.Kh2 Re7 41.Bh4 Rd7 42.Qg4 Rd1 43.Bf2 Rh1+
44.Kg3 f5 45.Qf3 a6 46.Bd4 h5 47.Qd5+ Kh7 48.Qe5 h4+ 49.Kf4 Qf1+ 50.Ke3 Qe1+
51.Kd3 Qf1+ 52.Ke3 Qe1+ 53.Kd3 Qxe5 54.Bxe5 Rg1 55.c4 Rxg2 56.c5 Rg6 57.Bf4 Kg8
58.Ke3 Kf7 59.b4 Ke8 60.Kf3 Kd7 61.Kf2 Rg4 62.Be5 g5  0-1

[Event "X Anibal Open"]
[Site "Linares ESP"]
[Date "2003.03.03"]
[Round "4"]
[White "Rizouk,A"]
[Black "Russek,G"]
[Result "0-1"]
[WhiteElo "2519"]
[BlackElo "2371"]

1.e4 e6 2.d4 d5 3.Nd2 a6 4.Ngf3 c5 5.exd5 exd5 6.dxc5 Bxc5 7.Nb3 Bd6 8.Be2 Ne7
9.O-O O-O 10.c3 Nbc6 11.Nbd4 h6 12.Re1 Bg4 13.Be3 Qc7 14.h3 Bd7 15.Bd3 Ng6
16.Qb3 Nge5 17.Be2 Nc4 18.Nxc6 Nxe3 19.Nb4 Bxb4 20.cxb4 Nc4 21.Rac1 Be6 22.Qc3 Qf4
23.Qd4 Qb8 24.Bd3 Rc8 25.Bb1 Nd6 26.Qd3 Ne4 27.Rxc8+ Qxc8 28.Nd4 Qc7 29.Qe3 Re8
30.a3 Nf6 31.Rc1 Qd6 32.Qc3 Bd7 33.Rd1 Qe5 34.Qd3 g6 35.Qd2 Kg7 36.Nf3 Qe2
37.Qd4 Qc4 38.Bd3 Qxd4 39.Nxd4 Rc8 40.f3 Nh5 41.Bc2 Nf4 42.Bb3 Be6 43.h4 g5
44.hxg5 hxg5 45.g3 Ng6 46.Kf2 Kf6 47.Bc2 Ne5 48.Bb3 Nc6 49.Ke3 Ne7 50.Rf1 Nf5+
51.Nxf5 Kxf5 52.Kd4 Rh8 53.Rf2 b6 54.Bc2+ Kf6 55.Bd3 b5 56.Kc5 Rh6 57.a4 bxa4
58.Bxa6 Rh1 59.Bf1 Rh8 60.b5 Rc8+ 61.Kb6 Rc1 62.Kb7 Ke7 63.Bd3 Kd6 64.Rc2 Rxc2
65.Bxc2 d4 66.b6 Bd5+ 67.Ka7 Bxf3 68.Bxa4 f5 69.Bd1 Be4 70.b4 g4 71.b7 Bxb7
72.Kxb7 f4 73.gxf4 g3 74.Bf3 d3 75.Ka7 d2 76.b5 Kc5  0-1

[Event "Spring Festival GM"]
[Site "Bucharest ROM"]
[Date "2003.03.07"]
[Round "5"]
[White "Parligras,M"]
[Black "Vasiesiu,D"]
[Result "0-1"]
[WhiteElo "2497"]
[BlackElo "2435"]

1.e4 e6 2.d4 d5 3.Nd2 Nc6 4.Ngf3 Nf6 5.e5 Nd7 6.Be2 b6 7.h4 a5 8.h5 h6 9.Nf1 Ba6
10.Bxa6 Rxa6 11.Bf4 Ra7 12.a4 Qc8 13.g4 Nd8 14.Ne3 Qa6 15.c3 c5 16.Nc2 b5
17.O-O c4 18.axb5 Qxb5 19.Bc1 Be7 20.Nh2 g6 21.hxg6 fxg6 22.f4 Qb6 23.Ne3 h5
24.f5 gxf5 25.gxf5 Bg5 26.Nxd5 exd5 27.Bxg5 Rg8 28.Qxh5+ Nf7 29.Kh1 Rxg5
30.Qf3 Nh6 31.Qh3 Nf8 32.Rg1 Rxf5 33.e6 Rh7 34.Rae1 Qd6 35.Re2 Qf4 36.Qg2 Rh5
37.e7 Ng4 38.exf8=Q+ Kxf8 39.Rf1 Rxh2+ 40.Kg1 Rh1+  0-1

[Event "X Anibal Open"]
[Site "Linares ESP"]
[Date "2003.03.07"]
[Round "8"]
[White "Blehm,P"]
[Black "Delchev,A"]
[Result "0-1"]
[WhiteElo "2526"]
[BlackElo "2583"]

1.e4 e6 2.d4 d5 3.Nd2 a6 4.Ngf3 c5 5.exd5 exd5 6.Be2 c4 7.O-O Bd6 8.b3 cxb3
9.axb3 Ne7 10.Ne5 O-O 11.Ndf3 Nbc6 12.Nxc6 Nxc6 13.c4 Bg4 14.h3 Bh5 15.Be3 Rc8
16.c5 Bb8 17.Qd2 Qc7 18.g3 Rce8 19.Rfe1 Qc8 20.Kg2 f5 21.Ng1 Bg6 22.f4 h6
23.Nf3 Bh5 24.Ne5 Bxe2 25.Rxe2 Bxe5 26.fxe5 Qe6 27.h4 f4 28.Bxf4 Qg4 29.Rf2 g5
30.hxg5 hxg5 31.Be3 Rxf2+ 32.Bxf2 Rf8 33.Re1 Qf3+ 34.Kg1 Rf5 35.e6 Kf8 36.b4 Ke8
37.e7 Rf7 38.b5 Rh7  0-1